Geography general knowledge 6 - Statistics

General Stats
  • This quiz has been taken 75 times
  • The average score is 19 of 30
Answer Stats
Question Answer % Correct
1) Which country is the Lapland region part of? Finland
94%
5) Neuschwanstein Castle is in whichcountry? Germany
92%
15) In what city would you find Hollywood,Beverly Hills, and film studios? Los Angeles
92%
22) Estonia, Latvia and Lithuania are all part ofthe _______ states Baltic
87%
30) F1 Grand Prix and Monte Carlo are inthis micronation Monaco
86%
18) Norway, Sweden, Iceland, and Denmark are all part of this region Scandinavia
86%
9) Traditional goulash comes from which country? Hungary
81%
16) The Sagrada Familia church is in which city? Barcelona
78%
6) The longest river in Africa after the Nile is Congo
78%
20) The largest Great Lake is Superior
78%
11) The smallest country on the Hornof Africa Djibouti
73%
28) Stunning white cliffs can be seen in thiscoastal English city Dover
71%
17) What is the native name of the giantrock in the middle of Australia? Uluru
70%
12) What is the name of the vast,swampy wetlands of southern Florida? Everglades
68%
19) What is the Dutch speaking part of Belgiumcalled? Flanders
67%
10) Which city connects to Denmark via the Oresund Bridge? Malmo
67%
26) Mt McKinley in Alaska is currently named Denali
65%
29) Mother Theresa was heavily involved in humanitarianism in this Indian city Kolkata
65%
14) Cueta is a Spanish city in whichAfrican country? Morocco
65%
2) This country is spelled Hrvatskain its native language Croatia
60%
25) Daytona International Speedway is in thestate of Florida
56%
7) The large waterfall system on theArgentina-Brazil border is Iguazu Falls
51%
13) Hallgrimskirkja is in which city? Reykjavik
51%
8) Launceston is a city in which Australian state? Tasmania
51%
24) Kano is a city in northern: Nigeria
44%
23) Formerly called Titograd in Yugoslavia Podgorica
30%
27) Area of difficult terrain/jungle on the borderof Panama and Columbia Darien Gap
27%
21) ARN Airport is in which city? Stockholm
27%
4) MXP airport is in which city? Milan
22%
3) Lake Tana is in what country? Ethiopia
21%
No matching quizzes found
Score Distribution
Percent of People with Each Score
Percentile by Number Answered
Your Score History
You have not taken this quiz